Il viaggio di Adelia /

Uloženo v:
Podrobná bibliografie
Hlavní autor: Vivarelli, Anna
Další autoři: Paravicini, Sofia (Ilustrátor), Quarzo, Guido
Médium: Kniha
Jazyk:italština
Vydáno: Milano : Nord-Sud, 2018
Tagy: Přidat tag
Žádné tagy, Buďte první, kdo vytvoří štítek k tomuto záznamu!

MARC

LEADER 00000nam a22000007i 4500
001 IT\ICCU\RAV\2073185
003 ItRI
005 20260115232129.0
008 180328s2018 it |||||| |||||1|||||c
020 |a 9788865268469 
040 |b ita  |c importazione bologna sebina 
041 7 |a ita  |2 ISO-639-2 
082 |a 853.92  |9 NARRATIVA ITALIANA, 2000-  |2 23 
100 1 |a Vivarelli, Anna  |0 IT\ICCU\RAVV\087084 
240 1 3 |a Il viaggio di Adelia.  |3 IT\ICCU\UBO\4474415  |9 Vivarelli, Anna 
245 1 3 |a Il viaggio di Adelia /  |c Anna Vivarelli, Guido Quarzo ; illustrazioni di Sofia Paravicini. 
260 |a Milano :  |b Nord-Sud,  |c 2018 
300 |a 1 volume (senza paginazione) :  |b ill. ;  |c 26 cm 
700 1 |a Paravicini, Sofia  |0 IT\ICCU\RAVV\689160  |4 ill 
700 1 |a Quarzo, Guido  |0 IT\ICCU\RAVV\045031 
942 |2 ddc  |c BK  |n 0 
952 |0 0  |1 0  |4 0  |6 R_853_920000000000000_VIV  |7 0  |9 20579  |a BO  |b BO  |d 2026-01-15  |i 20646  |l 0  |o R 853.92 VIV  |p BO20646  |r 2026-01-15 23:21:29  |w 2026-01-15  |x [Sebina 5] [1 v.]  |y BK  |z 1 v. 
999 |c 17570  |d 17570